LEADER 01116nam a2200289 u 4500 001 000000038628 003 CaOOAMICUS 005 20070226113910.0 008 980427s1985 it u000 u ita u 020 $a8810502027 035 $a10792374 040 $aPUL(R)$bita 100 1 $aBondolfi, Alberto.$0(OLS)http://pul/name/28821 245 10$aPena e pena di morte /$cAlberto Bondolfi. 260 $aBologna :$bEdizioni Dehoniane Bologna,$cc1985. 300 $a303 p. ;$c19 cm 490 1 $aTemi etici nella storia 504 $aBibliografia in nota. 650 4$aPena di morte.$0(OLS)http://pul/subject/8067 830 0$aTemi etici nella storia.$0(OLS)http://pul/title/52418 850 $aPUL 852 $aPUL$W1$xSL Diritto e Scienze Sociali 1$y4$m178 I 11$j52594$nBK-PRI$b $qStampati$B52594$CPULBib$Z2$F52594 $H $81 941 1 $a8 961 $aINV: 65693 996 $6020$a8810502027$9(OLS)http://pul/number/48130 996 $6245$aPena e pena di morte$9(OLS)http://pul/title/52417 996 $6260$aBologna :$bEdizioni Dehoniane Bologna$9(OLS)http://pul/publisher/60955 LEADER 01613nam a2200361 u 4500 001 000000059130 003 CaOOAMICUS 005 20070226120752.0 008 010622s1994 it u000 u ita u 020 $a8831123092 035 $a10893627 040 $aPUL(R)$bita 245 00$aParlare di Dio all'uomo postmoderno :$blinee di discussione /$cPaul Poupard ed. ; contributi di Miachael Paul Gallangher ... [et al.]. 260 $aRoma :$bCittà Nuova,$cc1994. 300 $a93 p. ;$c20 cm 490 1 $aCultura e fede 500 $aContributi di vari autori. 650 4$aUomo (teologia).$0(OLS)http://pul/subject/1029 700 1 $aGallangher, Michael Paul,$csac.$0(OLS)http://pul/name/40874 700 1 $aPoupard, Paul,$ccard.,$d1930-$0(OLS)http://pul/name/5113 830 0$aCultura e fede.$0(OLS)http://pul/title/79198 850 $aPUL 852 $aPUL$W1$xDP1 Altre Collocazioni$y17$mSenza collocazione$j12$nBK-PRI$b $qStampati$B77155$CPULBib$Z2$F77155 $H $81 852 $aPUL$W1$xDP1 Religione 1$y20$m557 I 48$j77156$nBK-PRI$b $qStampati$B77156$CPULBib$Z2$F77156 $H $81 941 1 $a8 960 $aUmanesimo cristiano$91029 960 $aUmanesimo cristiano$91029 960 $aAntropologia teologica$91029 960 $aAntropologia teologica$91029 961 $aINV: 72396 996 $6020$a8831123092$9(OLS)http://pul/number/75171 996 $6245$aParlare di Dio all'uomo postmoderno :$blinee di discussione$9(OLS)http://pul/title/79199 996 $6260$aRoma :$bCittà Nuova$9(OLS)http://pul/publisher/47927